000 00375nam a22001457a 4500
020 _a9780070585140
040 _cNUST
082 _a658.3 IVA
100 _aIvancevich, John M.
_985018
245 _aHuman Resources Management
250 _a9th Edition
260 _aNew Dehli:
_bTata McGraw Hill,
_c2006.
650 _aHuman Resources Management
_967075
942 _2ddc
_cBK
999 _c594743
_d594743